| 000 | 00718aas a2200217 4500 | ||
|---|---|---|---|
| 999 |
_c4063 _d4063 |
||
| 003 | BR-BrBNA | ||
| 005 | 20230317233956.0 | ||
| 007 | ta | ||
| 008 | 230119b bl ||||| |||| 00| 0 por d | ||
| 035 | _a000485-5 | ||
| 040 |
_aBR-BrBNA _bPor _cBR-BrBNA |
||
| 042 | _a058268-9 | ||
| 044 | _abl | ||
| 245 | _aPrograma de Assistência Técnica e Extensão Rural - Empresa de Assistência Técnica e Extensão Rural do Estado de Sergipe (Brazil) | ||
| 260 |
_aAracaju-SE _bEmpresa de Assistência Técnica e Extensão Rural do Estado de Sergipe _c1977. Data final de publicação em 1980 _eBSE |
||
| 270 | _aCaixa Postal 297 - 49000-000 | ||
| 310 | _aanual | ||
| 505 | _a1977-80; | ||
| 909 |
_a56 _bSergio Santos _c56 _dSergio Santos |
||
| 942 |
_cCR _2AGRIS |
||